Religion Quiz

Random Religion or Verse Quiz

1 Corinthians 13 (Love Is...) Quiz Stats

 Plays Quiz Updated Feb 14, 2015

Support Sporcle.
Go Orange.
Score 0/15 Timer 07:00
0 Plays Today
Love is... % Correct
Love iskind
95%
Love ispatient
85.1%
Love does notboast
61.5%
Love does notenvy
54.4%
Love does not delight inevil
40.6%
Love is notproud
37.8%
but love rejoiceswith the truth
34.9%
Alwayshopes
34.5%
Love is... % Correct
Love is notself-seeking
28.5%
Alwaysperseveres
28.1%
Alwaystrusts
27.9%
Love is not rude
27.3%
It alwaysprotects
25.4%
Love is noteasily angered
24.2%
Lovekeeps no record of wrongs
18%

From the Vault

NFL Top 5 Running Backs by Year (1990-2009)

by WickyWachyJoo

Sports 8m
These guys made their fantasy owners very happy.
Remove Ads.
Support Sporcle.
Get the best of Sporcle when you Go Orange. This ad-free experience offers more features, more stats, and more fun while also helping to support Sporcle. Thank you for becoming a member.

Show Comments

Extras

Top Quizzes Today


Score Distribution

Your Account Isn't Verified!

In order to create a playlist on Sporcle, you need to verify the email address you used during registration. Go to your Sporcle Settings to finish the process.

Report this User

Report this user for behavior that violates our Community Guidelines.

Details: